Générique Lolirock - Paroles - Statistiques

Statistiques générales
  • Ce quiz a été pris 465 fois
  • Le résultat moyen est 11 sur 12
Statistiques - réponses
Paroles % Correct
Réunis sous une bonne {étoile}
97%
{Trois} Lolirockstars
97%
Trois {princesses} magiques
97%
Avec nous les {mains} vers le ciel
96%
Avec nous les {mains} vers le ciel
96%
Alright ! On a un {secret}
95%
Avec nous les {Lolirock}
94%
Notre coeur ouvrira ses {ailes}
94%
Partageons ce {rêve} idéal
94%
Princesses de musique {pop}
91%
Héroïnes magique au {top}
84%
Des filles de {choc}
77%
Aucun quiz correspondant
Distribution des résultats
% des personnes avec chaque résultat
Percentile par nombre de réponses
Votre historique - résultats
Vous n’avez pas pris ce quiz